| 000 | 00809nam a2200229 a 4500 | ||
|---|---|---|---|
| 001 | 000016647 | ||
| 005 | 20200929164936.0 | ||
| 008 | 100308s2005 dr a 000 0 spa d | ||
| 020 | _a999348122X | ||
| 040 |
_aDO-SdBNP _bspa _cBNPHU |
||
| 082 |
_a460.07 _bP438e |
||
| 100 | 1 |
_aPérez Guerra, Irene _919025 |
|
| 245 | 1 | 3 |
_aLa enseñanza del español : _bretos para la República Dominicana. el proyecto UNILINGUA-UNAPEC / _cIrene Pérez Guerra. |
| 260 |
_aSanto Domingo : _bUniversidad APEC., _c2005. |
||
| 300 |
_a60 p. : _bil. ; _c22 cm. |
||
| 490 | 1 | _aUNAPEC por un mundo mejor ; | |
| 490 | 1 |
_aInvestigación ; _v1 ; |
|
| 590 | _aInventariado, 2019/ YL | ||
| 650 | 4 |
_aEspañol _xEnseñanza _zRepública Dominicana _910054 |
|
| 830 | 0 |
_aUNAPEC por un mundo mejor _922883 |
|
| 830 | 0 |
_aInvestigación _n1 _936991 |
|
| 999 |
_c16180 _d16180 |
||